The new age of innovation (Registro nro. 19592)
[ vista simple ]
| 000 -LEADER | |
|---|---|
| fixed length control field | 00325 a2200121 4500 |
| 001 - CONTROL NUMBER | |
| control field | ART_17536 |
| 005 - DATE AND TIME OF LATEST TRANSACTION | |
| control field | 20260410161750.0 |
| 008 - FIXED-LENGTH DATA ELEMENTS--GENERAL INFORMATION | |
| fixed length control field | 260409a |
| 100 1# - MAIN ENTRY--PERSONAL NAME | |
| Personal name | Prahalad, C. K. |
| 245 10 - TITLE STATEMENT | |
| Title | The new age of innovation |
| 700 1# - ADDED ENTRY--PERSONAL NAME | |
| Personal name | Krishnan, M. S. |
| 773 0# - HOST ITEM ENTRY | |
| Title | Book Summary |
| Related parts | - Nº 12 (ene. 2009) |
| Record control number | REV4099 |
No hay ítems disponibles.